Plant Cryopreservation (Record no. 33062)
[ view plain ]
| 000 -LEADER | |
|---|---|
| fixed length control field | 01183nam a2200133Ia 4500 |
| 008 - FIXED-LENGTH DATA ELEMENTS--GENERAL INFORMATION | |
| fixed length control field | 220620s9999||||xx |||||||||||||| ||und|| |
| 020 ## - INTERNATIONAL STANDARD BOOK NUMBER | |
| International Standard Book Number | 9783040000000 |
| 245 #0 - TITLE STATEMENT | |
| Title | Plant Cryopreservation |
| 546 ## - LANGUAGE NOTE | |
| Language note | English[eng] |
| 650 ## - SUBJECT ADDED ENTRY--TOPICAL TERM | |
| Topical term or geographic name entry element | activated charcoal||alginate||cryopreservation||European chestnut||zygotic embryo||apical shoot tips||axillary shoot tips||droplet-vitrification||long-term conservation||PVS2 vitrification||V cryo-plate||cryoprotectant distribution||raman microscopy||vitrification||ex situ conservation||embryogenic||shoot tips||plant biodiversity||currants||cryobanking||plant genebanks||plant genetic resources||germplasm collections||liquid nitrogen||long-term preservation||safety back-ups||conservation||endangered species||micropropagation||shoot culture||Xerophyllum asphodeloides||Eastern Turkey Beard||Symbiodiniaceae||two-step freezing||protein expression||coral||cryoprotectant||differential scanning calorimetry||glass transition||water crystallization||dormant buds||low-temperature resistance||pear tree||ultra-low temperature||glassy state||toxicity||n/a |
| 700 ## - ADDED ENTRY--PERSONAL NAME | |
| Personal name | Benelli, Carla |
| 856 ## - ELECTRONIC LOCATION AND ACCESS | |
| Uniform Resource Identifier | <a href="https://mdpi.com/books/pdfview/book/4798">https://mdpi.com/books/pdfview/book/4798</a> |
| 942 ## - ADDED ENTRY ELEMENTS (KOHA) | |
| Koha item type | E-Books |
| Withdrawn status | Lost status | Damaged status | Not for loan | Home library | Current library | Date acquired | Total Checkouts | Date last seen | Price effective from | Koha item type |
|---|---|---|---|---|---|---|---|---|---|---|
| Kerala University of Digital Sciences, Innovation and Technology Knowledge Centre | Kerala University of Digital Sciences, Innovation and Technology Knowledge Centre | 20/06/2022 | 20/06/2022 | 20/06/2022 | E-Books |